| 000 | 00997nam a2200193 a 4500 | ||
|---|---|---|---|
| 001 | 000045102 | ||
| 005 | 20201002045859.0 | ||
| 008 | 150202s2010 bl 000 0 spa d | ||
| 020 | _a9788570193124 | ||
| 040 |
_aDO-SdBNP _bspa _cBNPHU |
||
| 082 |
_axxxx _bxxxx |
||
| 245 | 0 | 0 |
_aDepois do muro / _cLaymert Garcia dos Santos ... [et al.]. |
| 260 |
_aBrasil : _bFundação Joaquim Nabuco, _bMassangana, _c2010. |
||
| 300 |
_a128 p. : _bil. ; _c17 cm. |
||
| 490 | 1 |
_aEstudos da cultura _aencontros _v2 |
|
| 505 | 0 |
_tDepois do muro : a geopolítica das artes / _rCristiana Tejo -- _tComo a arte global transforma a arte étnica / _rLaymert Garcia dos Santo -- _tContatos, efeitos / _rRicardo Basbaum -- _tMuros caídos muros erguidos / _rNelson Herrera Ysla -- _tAfter and before / _rMarko Stamenkovic -- _tO Brasil está no mapa? / _rAna Letícia Fialho -- _tArte menor, gambiarra e sotaque / _rMoacir dos Anjos. |
|
| 700 | 1 |
_aGarcia dos Santos, Laymert _973121 |
|
| 830 | 0 |
_aEstudos da cultura ; _pencontros _v2 _953023 |
|
| 999 |
_c44591 _d44591 |
||